Hamlet Quotes Quiz Stats

 Plays Quiz not verified by Sporcle

Score 0/35 Timer 10:00
0 Plays Today
Quote Speaker % Correct
'Thrift, thrift, Horatio! The funeral bak'd meats/Did coldly furnish forth the marriage tables.'???
91.9%
'To be, or not to be, — that is the question…'???
90.5%
'The play's the thing,/Wherein I'll catch the conscience of the king.'???
89.2%
'Get thee to a nunnery: why wouldst thou be a breeder of sinners?'???
88.1%
'How weary, stale, flat, and unprofitable/Seem to me all the uses of this world!'???
88.1%
'Let me be cruel, not unnatural;/I will speak daggers to her, but use none.'???
85.3%
'Seems, madam! Nay, it is; I know not 'seems.''???
83.7%
'A man may fish with the worm that hath eat of a king, and eat of the fish that hath fed of that worm.'???
82.8%
'O! what a rogue and peasant slave am I!'???
81.5%
'You cannot, sir, take from me anything that I will more willingly part withal — except my life — except my life — except my life.'???
80.9%
'O! from this time forth,/My thoughts be bloody, or be nothing worth!'???
80.4%
'How now! a rat? Dead, for a ducat, dead!'???
79.8%
'I lov'd Ophelia: forty thousand brothers/Could not, with all their quantity of love,/Make up my sum.'???
79.4%
'I must be cruel, only to be kind: Thus bad begins and worse remains behind.'???
79.2%
'Thou wretched, rash, intruding fool, farewell!/I took thee for thy better.'???
79.2%
'Let Hercules himself do what he may,/The cat will mew, and dog will have his day.'???
79%
''Sblood, do you think I am easier to be played on than a pipe?'???
78.2%
'There is nothing either good or bad, but thinking makes it so.'???
77.4%
Quote Speaker % Correct
'I'll speak to it though Hell itself should gape/And bid me hold my peace.'???
76.8%
'What a piece of work is a man!'???
73.1%
'The serpent that did sting thy father's life/Now wears his crown.'???
70.7%
'The lady doth protest too much, methinks.'???
69.2%
'The rest is silence'???
67.1%
'This above all — to thine own self be true'???
67%
'Something is rotten in the state of Denmark.'???
66%
'Now cracks a noble heart. Good-night, sweet prince;/And flights of angels sing thee to thy rest.'???
64.8%
'Nymph, in thy orisons/Be all my sins remember'd.'???
60.4%
'Therefore, since brevity is the soul of wit,/And tediousness the limbs and outward flourishes,/I will be brief.'???
56.4%
'More matter with less art.'???
55.8%
'Too much of water hast thou, poor Ophelia,/And therefore I forbid my tears.'???
53.1%
'Bear Hamlet, like a soldier, to the stage.'???
52.9%
'O! my offence is rank, it smells to heaven.'???
51.6%
'O, woe is me/To have seen what I have seen, see what I see!'???
46%
'Good-night, ladies; good-night, sweet ladies; good-night, good-night.'???
39.8%
'O! what a noble mind is here o'erthrown!'???
29.2%

You're not logged in!

Compare scores with friends on all Sporcle quizzes.
OR
Log In

Show Comments

Extras

Created Feb 20, 2012ReportNominate
Tags:Quote Quiz, act, hamlet, speaker

Top Quizzes Today


Score Distribution

Your Account Isn't Verified!

In order to create a playlist on Sporcle, you need to verify the email address you used during registration. Go to your Sporcle Settings to finish the process.

Report this User

Report this user for behavior that violates our Community Guidelines.

Details: